000 00491nam a2200181Ia 4500
008 230711s9999||||xx |||||||||||||| ||und||
020 _a978-81-203-2968-3
041 _aENG
082 _a4
_bMI-C
100 _aMishra,K.L.P
245 0 _aTheory of computer science : Automata, Languages and Computation
250 _a3rd Ed.
260 _c2007
_aNew Delhi
_bPHI Learning Private Limited
300 _a422p.
650 _aComputer Engineering
700 _aChandrasekaran,N
942 _cBK
999 _c6368
_d6368